000 03581cam a22012734i 4500
003 PE-LiUPU
005 20250813185613.0
008 150706s2012 pe a r 000 0 spa d
020 _a9786124070815
035 _a(Sirsi) i9786124070815
040 _aPE-LiUPU
_bspa
_cPE-LiUPU
_erda
049 _aPRUA
082 0 4 _a330.98
_bA68
_221
082 0 4 _a658.4056
_bA69 2012
_221
100 1 _aArellano Cueva, Rolando,
_eautor.
245 1 0 _aSomos más que siesta y fiesta :
_bdoce mitos y verdades sobre América Latina /
_cRolando Arellano Cueva.
264 1 _aLima :
_bPlaneta,
_c2012.
300 _a187 páginas :
_bilustraciones ;
_c21 cm.
336 _atext
_2rdacontent
337 _aunmediated
_2rdamedia
338 _avolume
_2rdacarrier
505 0 _aUna nueva realidad en busca de un nuevo mensaje -- El turno de América Latina -- Palabras preliminares -- Una región, un mundo nuevo -- Los ciudadanos latinoamericanos -- La economía latinoamericanos -- ¿Epilogo o comienzo?.
526 _aP202
526 _aP201
526 _aP163
526 _aP162
526 _aP161
526 _aP160
526 _aP148
526 _aP147
526 _aP146
526 _aP145
526 _aP144
526 _aP143
526 _aP142
526 _aP141
526 _aP140
526 _aP139
526 _aP138
526 _aP137
526 _aP136
526 _aP135
526 _aP134
526 _aP133
526 _aP129
526 _aP128
526 _aP127
526 _aP120
526 _aP119
526 _aP118
526 _aP116
526 _aP115
526 _aP114
526 _aP110
526 _aP109
526 _aP108
526 _aP104
526 _aP103
526 _aP102
526 _aP99
526 _aP98
526 _aP97
526 _aP96
526 _aP95
526 _aP93
526 _aP90
526 _aP89
526 _aP88
526 _aP83
526 _aP82
526 _aP62
526 _aP59
526 _aP58
526 _aP57
526 _aP51
526 _aP49
526 _aP48
526 _aP47
526 _aP29
526 _aP24
526 _aP20
526 _aP19
526 _aP17
526 _aP15
526 _aP14
526 _aP12
526 _aP10
526 _aP09
526 _aP08
526 _aP07
526 _aP06
526 _aP05
526 _aP04
526 _aP01
541 _g2-4138;
650 0 4 _aCrecimiento económico
_zAmérica Latina.
650 0 4 _aCrecimiento económico
_zPerú.
650 0 4 _aLatinoamericanos
_xCondiciones económicas.
910 _agl
_bjv
_cng
_d20120822
910 _btqv
_crmch
_d20160713
942 _2ddc
_cBOOK
949 _a330.98 A68
_wDEWEY
_c1
_i65331
_lCCODEBUL1
_mBUL
_p12.00
_r0
_sY
_tBOOK
_u2015-7-6
_xFCE
_PP04
_o.STAFF. Colección General
949 _a658.4056 A69 2012
_wDEWEY
_c1
_iFJ00894
_lCCODEBUJ1
_mBUJ
_p12.00
_r0
_sY
_tBOOK
_u2016-7-13
_xFCE
_PP04
_o.STAFF. Colección General Juliaca
994 _aC0
_bPEPRU
596 _a1 3
999 _a330.98 A68
_wDEWEY
_c53900
_i65331
_d53900
_f2021-11-5
_g6
_lCCODEBUL1
_mBUL
_p12.00
_q4
_r0
_sY
_tBOOK
_u2015-7-6
_xBIBLIOTECA
_PP04
_0COMPRA
_o.STAFF. Colección General
999 _a658.4056 A69 2012
_wDEWEY
_c1
_iFJ00894
_d2019-7-12
_e2019-4-22
_f2022-2-1
_g4
_lCCODEBUJ1
_mBUJ
_n2
_p12.00
_q3
_r0
_sY
_tBOOK
_u2016-7-13
_xFCE
_PP04
_0COMPRA
_o.STAFF. Colección General Juliaca
980 _81
_gALBERTO SANCHEZ Responsable de Automatización